BIBLIOTECA

SENCICO

La Lima de los 80 : crecimiento y segregación social (Registro nro. 2111)

Detalles MARC
000 -LEADER
fixed length control field 00798nam a2200205Ia 4500
005 - DATE AND TIME OF LATEST TRANSACTION
control field 20251020182532.0
008 - FIXED-LENGTH DATA ELEMENTS--GENERAL INFORMATION
fixed length control field 200515s9999 xx 000 0 und d
082 ## - DEWEY DECIMAL CLASSIFICATION NUMBER
Classification number 711.4/G83
100 ## - MAIN ENTRY--PERSONAL NAME
Personal name GROMPONE, Romeo ZOLEZZI, Mario CALDERON, Julio OLIVERA, Luis
245 #0 - TITLE STATEMENT
Title La Lima de los 80 : crecimiento y segregación social
260 ## - PUBLICATION, DISTRIBUTION, ETC.
Place of publication, distribution, etc. Lima
260 ## - PUBLICATION, DISTRIBUTION, ETC.
Date of publication, distribution, etc. 1983
500 ## - GENERAL NOTE
General note 1 ejemplar
520 ## - SUMMARY, ETC.
Summary, etc. Conjunto de medidas alternativas de corto y mediano plazo respecto a la acción del capital inmobiliario, la vivienda y el sistema financiero, el transporte, el uso del suelo urbano y la autoconstrucción. Para ello los autores han consultado a técnicos, or
650 ## - SUBJECT ADDED ENTRY--TOPICAL TERM
Topical term or geographic name entry element ASENTAMIENTOS HUMANOS
650 ## - SUBJECT ADDED ENTRY--TOPICAL TERM
Topical term or geographic name entry element LIB
650 ## - SUBJECT ADDED ENTRY--TOPICAL TERM
Topical term or geographic name entry element PROBLEMATICA HABITACIONAL
650 ## - SUBJECT ADDED ENTRY--TOPICAL TERM
Topical term or geographic name entry element VIVIENDAS
942 ## - ADDED ENTRY ELEMENTS (KOHA)
Koha item type Libros
Existencias
Fecha de la última vez que lo usaron Pago total Signatura topográfica completa Código de barras Precio efectivo desde Tipo de documento Estado perdido Estado dañado No es para préstamo Retirado Ubicación permanente Ubicación actual Fecha de adquisición
15/05/2020   711.4/G83 Bib-Lima15052111 15/05/2020 Libros         Biblioteca Central Lima Biblioteca Central Lima 15/05/2020